000 00509nam a2200193Ia 4500
005 20240605024447.0
008 240331s9999 xx 000 0 und d
020 _a0791429660
082 _bFEM
_a370
245 0 _aFeminisms and pedagogies of everyday life
260 _aAlbany
_bState University of New York Press
_c1996
300 _avii,326 p.,
650 _aFeminism
650 _aEducation
650 _aCritical Pedagogies
650 _aWomen Socialization
700 _aLuke, C. ed
942 _cL
999 _c2935
_d2935